Sports Quiz

Random Sports or Basketball Quiz

Last Five: Big 4 Runners-Up Quiz Stats

 Plays Quiz Updated Jun 19, 2018

Challenge
Share
Tweet
Embed
Score 0/20 Timer 03:00
15 Plays Today
% Correct
Golden State Warriors (2016)
96.2%
Cleveland Cavaliers (2015)
95%
Seattle Seahawks (2015)
91%
Atlanta Falcons (2017)
89.9%
Miami Heat (2014)
89.9%
Cleveland Cavaliers (2018)
87.6%
Carolina Panthers (2016)
85.4%
Cleveland Indians (2016)
85.3%
Denver Broncos (2014)
81.9%
Cleveland Cavaliers (2017)
78.9%
% Correct
New England Patriots (2018)
73%
Kansas City Royals (2014)
68%
St. Louis Cardinals (2013)
67.5%
New York Mets (2015)
66.6%
New York Rangers (2014)
66.2%
Vegas Golden Knights (2018)
56.1%
San Jose Sharks (2016)
54.8%
Los Angeles Dodgers (2017)
54.5%
Tampa Bay Lightning (2015)
46%
Nashville Predators (2017)
41.8%

You're not logged in!

Compare scores with friends on all Sporcle quizzes.
Join for Free
OR
Log In

You Might Also Like...

Show Comments

Extras

Top Quizzes Today


Score Distribution

Your Account Isn't Verified!

In order to create a playlist on Sporcle, you need to verify the email address you used during registration. Go to your Sporcle Settings to finish the process.

Report this User

Report this user for behavior that violates our Community Guidelines.

Details: